Centinela contra franceses por D. Antonio de Capmany dedìcalo al Excmo. Señor D. Henrique Holland lord de la Gran Bretaña

Detalles Bibliográficos
Autor principal: Capmany Surís y de Montpalau, Antonio de (1742-1812)
Formato: Libro
Lenguaje:Undetermined
Spanish
Publicado: Madrid : por Gomez Fuentenebro y compañia y por su original en la imprenta de la calle de Santo Domingo, 1809.
Materias:
Colección:Banco de datos
Acervo:Biblioteca Palafoxiana. Colección bibliográfica
Descripción Física:54, 34 p. ; 4°
Tema general:Apologética
Notas:Número de localización: 33957-F
LEADER 00742nam a2200181Ia 4500
008 150723s9999 xx 000 0 und d
041 0 |a spa 
050 0 |a PAFX D20 S8 
100 1 |a Capmany Surís y de Montpalau, Antonio de (1742-1812) 
245 1 0 |a Centinela contra franceses por D. Antonio de Capmany dedìcalo al Excmo. Señor D. Henrique Holland lord de la Gran Bretaña 
260 |a Madrid : por Gomez Fuentenebro y compañia y por su original en la imprenta de la calle de Santo Domingo, 1809. 
300 |a 54, 34 p. ; 4° 
500 |a Número de localización: 33957-F 
501 |a Encuadernado con 18 obras 
650 1 0 |a Apologética 
942 |c PALALIB 
943 |g Biblioteca Palafoxiana. Colección bibliográfica 
999 |c 1059993  |d 1059993